Wszystkie miasta województwa częstochowskiego - Statystyki

Ogólne statystyki
  • Ten quiz został rozwiązany 28 razy
  • Średni wynik to 9 z 17
Statystyki odpowiedzi
Populacja Miasto % Poprawnych
257 812 Częstochowa
100%
33 016 Myszków
95%
9 967 Blachownia
81%
13 254 Kłobuck
81%
29 359 Lubliniec
71%
6 366 Koniecpol
62%
6 731 Pajęczno
57%
4 387 Żarki
48%
10 027 Olesno
43%
3 950 Szczekociny
43%
4 532 Woźniki
43%
4 530 Krzepice
38%
8 230 Praszka
33%
4 168 Dobrodzień
29%
2 606 Gorzów Śląski
29%
9 983 Kalety
29%
2 493 Koziegłowy
29%
Nie znaleziono quizów pasujących do podanych kryteriów
Rozkład punktacji
Procent ludzi z każdym wynikiem
Percentyl według liczby udzielonych odpowiedzi
Twoja historia wyników
Nie rozwiązałeś tego quizu